00414 2200169 4500001002100000008004100021035002000062245004300082100002000125250000600145260003400151300001100185084001400196082000800210650001400218990001200232INLIS000000000001092 ind  a0010-0524000327 aMengenal Kapal TerbangcEka Purjiyanta aPurjiyanta, Eka a1 aJakarta :bGaneca Exactc2007 a91 hlm a600 EKA m a600 aNon Fiksi a0744070